Piosenki Beatles - Nagła Śmierć - Statystyki

Ogólne statystyki
  • Ten quiz został rozwiązany 2 420 razy
  • Średni wynik to 7 z 20
Answers on the Grid
Answers color-coded by a green-red scale on the quiz's grid according to % correct below.
All You Need Is Love
Back in the USA
Blackbird
Colonel Mustard
Come Together
Day Tripper
Dig a Donkey
Don't Let Me Down
Eleanor Rigby
Glass Potato
Help!
Helter Skelter
Here Comes The Sun
Hey Jude
I Am the Eggman
I Want To Hold Your Hand
I Won't
I'm Only Dreaming
Let It Be
Love Me Do
Oh! Honey
Paperback Writer
Penny Lane
Please Please Me
Raspberry Meadows
Revolution
Ride My Bike
Seven Days a Week
She Loves Me
Ticket to Ride
Waterloo Sunset
Yellow Submarine
Yesterday
 
Statystyki odpowiedzi
Odpowiedź % Poprawnych
All You Need Is Love
72%
Hey Jude
62%
Let It Be
60%
Yellow Submarine
53%
Help!
48%
Yesterday
48%
Here Comes The Sun
47%
Come Together
42%
I Want To Hold Your Hand
31%
Don't Let Me Down
30%
Love Me Do
29%
Blackbird
27%
Eleanor Rigby
27%
Penny Lane
23%
Please Please Me
19%
Helter Skelter
17%
Day Tripper
14%
Revolution
13%
Ticket to Ride
11%
Paperback Writer
10%
Nie znaleziono quizów pasujących do podanych kryteriów
Rozkład punktacji
Procent ludzi z każdym wynikiem
Percentyl według liczby udzielonych odpowiedzi
Twoja historia wyników
Nie rozwiązałeś tego quizu